[Event "DEM U12/U12w 2010"]
[Site "Oberhof GER"]
[Date "2010.05.24"]
[Round "3"]
[White "Kempe, Anne"]
[Black "Klöckner, Connor"]
[Result "0-1"]
[Termination "normal"]
[Board "25"]
[WhiteElo "1369"]
[BlackElo "1543"]
[PlyCount "184"]
[WhiteFideId "12918083"]
[EventCountry "GER"]
[EventRounds "11"]
[EventType "swiss"]
[EventDate "2010.05.22"]

1. e4 c5 2. Nf3 Nf6 3. e5 Nd5 4. d4 e6 5. c3 Nc6 6. Nbd2 Qb6 7. Nc4 Qc7 8. Be2
a6 9. O-O Be7 10. h3 b5 11. Ne3 Nxe3 12. Bxe3 Rb8 13. Rb1 O-O 14. Re1 Bb7 15.
a3 h6 16. b4 cxb4 17. cxb4 f6 18. exf6 Rxf6 19. d5 exd5 20. Qxd5+ Kh8 21. Qd3
Rbf8 22. Rbd1 d6 23. Rc1 Qd7 24. Rc2 Qe6 25. Rec1 Nd8 26. Rc7 Be4 27. Qd2 Rg6
28. Kh2 d5 29. Rg1 Bd6+ 30. Kh1 Bxc7 31. Bc5 Rf7 32. Qe3 Bxf3 33. Bxf3 Qxe3 34.
Bxe3 Rf5 35. Bd4 Ne6 36. Be3 Nf4 37. Bg4 Rf8 38. Bf3 Nxh3 39. Rc1 Be5 40. Bh5
Nxf2+ 41. Bxf2 Rgf6 42. Bf3 g5 43. Bc5 R8f7 44. Re1 Rf5 45. Kg1 Bg3 46. Rd1 Kh7
47. Bxd5 Rd7 48. Bg8+ Kxg8 49. Rxd7 Re5 50. Rd8+ Kf7 51. Bf2 Bxf2+ 52. Kxf2 Kf6
53. Rd6+ Re6 54. Rd3 Kf5 55. Rf3+ Kg6 56. Rd3 h5 57. Rc3 g4 58. g3 Rf6+ 59. Kg2
Kg5 60. Rc5+ Rf5 61. Rc6 Rf6 62. Rc5+ Kg6 63. Rc3 Re6 64. Kf2 Kf6 65. Rc5 Re5
66. Rc6+ Re6 67. Rc5 Kg6 68. Rc3 Rf6+ 69. Kg2 Rf3 70. Rxf3 gxf3+ 71. Kxf3 Kf5
72. Ke3 Ke5 73. Kd3 Kd5 74. Kc3 Ke4 75. Kc2 Kf3 76. Kd3 Kxg3 77. Kd4 h4 78. Kc5
h3 79. Kb6 h2 80. Kxa6 h1=Q 81. Kxb5 Qb7+ 82. Ka4 Kf4 83. b5 Ke5 84. Kb4 Kd4
85. a4 Qb6 86. a5 Qd6+ 87. Ka4 Qc5 88. a6 Qb6 89. Kb4 Kd5 90. Ka4 Kc4 91. a7
Qxb5+ 92. Ka3 Qb3# 0-1

[Event "DEM U12/U12w 2010"]
[Site "Oberhof GER"]
[Date "2010.05.24"]
[Round "3"]
[White "Samietz, Jannick"]
[Black "Schnepper, Pauline"]
[Result "1-0"]
[Termination "normal"]
[Board "26"]
[WhiteElo "1362"]
[BlackElo "1536"]
[PlyCount "65"]
[WhiteFideId "12918091"]
[BlackFideId "12918040"]
[EventCountry "GER"]
[EventRounds "11"]
[EventType "swiss"]
[EventDate "2010.05.22"]

1. d4 d5 2. c4 c6 3. e3 Nf6 4. Nf3 a6 5. Nc3 b5 6. c5 Nbd7 7. b4 g6 8. Bb2 Bg7
9. Bd3 O-O 10. Qb3 Bb7 11. O-O-O Re8 12. Bc2 a5 13. a3 axb4 14. axb4 e5 15.
dxe5 Ng4 16. Rdf1 Ngxe5 17. e4 Nxf3 18. gxf3 Ne5 19. exd5 Nxf3 20. Ne4 Bxb2+
21. Qxb2 Ne5 22. d6 Bc8 23. f4 Ng4 24. h3 Bf5 25. hxg4 Bxe4 26. Bxe4 Rxe4 27.
Rxh7 f6 28. Rfh1 Re1+ 29. Rxe1 Kxh7 30. Re7+ Kg8 31. Qxf6 Qf8 32. Qxg6+ Kh8 33.
Rh7# 1-0

[Event "DEM U12/U12w 2010"]
[Site "Oberhof GER"]
[Date "2010.05.24"]
[Round "3"]
[White "Brandl, Lea"]
[Black "Koch, Elisabeth"]
[Result "1/2-1/2"]
[Termination "normal"]
[Board "27"]
[WhiteElo "1529"]
[BlackElo "1370"]
[PlyCount "40"]
[WhiteFideId "24693049"]
[BlackFideId "24695068"]
[EventCountry "GER"]
[EventRounds "11"]
[EventType "swiss"]
[EventDate "2010.05.22"]

1. d4 Nf6 2. c4 g6 3. Nc3 d5 4. Bg5 c6 5. Nf3 Bg7 6. e3 O-O 7. Bd3 Na6 8. a3
Nc7 9. O-O Be6 10. c5 Qd7 11. Ne5 Qc8 12. Ne2 Bf5 13. Rc1 Bxd3 14. Qxd3 Qe6 15.
Nf4 Qc8 16. b4 h6 17. Bxf6 exf6 18. Nf3 Ne6 19. Rfe1 Re8 20. b5 f5 1/2-1/2

[Event "DEM U12/U12w 2010"]
[Site "Oberhof GER"]
[Date "2010.05.24"]
[Round "3"]
[White "Schwarz, Larissa"]
[Black "Müller, Max"]
[Result "1-0"]
[Termination "normal"]
[Board "28"]
[WhiteElo "1526"]
[BlackElo "1365"]
[PlyCount "81"]
[WhiteFideId "24699004"]
[BlackFideId "12900486"]
[EventCountry "GER"]
[EventRounds "11"]
[EventType "swiss"]
[EventDate "2010.05.22"]

1. e4 e6 2. d4 d5 3. e5 c5 4. c3 Nc6 5. Nf3 Bd7 6. Be2 Qb6 7. a3 Nge7 8. b4
cxd4 9. cxd4 Nf5 10. Be3 Be7 11. O-O O-O 12. Nc3 a6 13. Qd2 Rac8 14. Rac1 Qd8
15. Bd3 Nxe3 16. Qxe3 f6 17. exf6 Rxf6 18. Rfe1 h6 19. Ne5 Bd6 20. Ne2 Qe7 21.
Ng3 Bxe5 22. dxe5 Rf7 23. Bg6 Rff8 24. f3 Be8 25. Bb1 Qh4 26. Qd3 g6 27. Qe3
Kg7 28. Ne2 Ne7 29. g3 Qg5 30. Nf4 Bd7 31. Kg2 Nf5 32. Bxf5 gxf5 33. h4 Qe7 34.
Nh5+ Kg6 35. Nf6 Bc6 36. g4 Rh8 37. h5+ Kf7 38. Qf4 Kf8 39. gxf5 exf5 40. Qxf5
Qg7+ 41. Kf2 1-0

[Event "DEM U12/U12w 2010"]
[Site "Oberhof GER"]
[Date "2010.05.24"]
[Round "3"]
[White "Weber, Sandra"]
[Black "Schmekel, Florian"]
[Result "0-1"]
[Termination "normal"]
[Board "29"]
[WhiteElo "1350"]
[BlackElo "1523"]
[PlyCount "92"]
[WhiteFideId "1270049"]
[BlackFideId "12913456"]
[EventCountry "GER"]
[EventRounds "11"]
[EventType "swiss"]
[EventDate "2010.05.22"]

1. d4 Nf6 2. c4 e6 3. Nc3 Bb4 4. Qc2 d5 5. Bg5 Nbd7 6. cxd5 exd5 7. Nf3 O-O 8.
e3 b6 9. Bd3 h6 10. Bh4 Bb7 11. O-O c5 12. Rac1 c4 13. Bf5 Bd6 14. Qe2 Qc7 15.
Nb5 Qb8 16. Nxd6 Qxd6 17. Bg3 Qe7 18. Ne5 Nxe5 19. Bxe5 Nd7 20. Bf4 Rfe8 21.
Kh1 Nf8 22. Qg4 Kh8 23. Qh5 Bc8 24. Bc2 Be6 25. Be5 f6 26. Bg3 Bf7 27. Qg4 Ne6
28. h4 Qb4 29. Rb1 Qa5 30. Ra1 Qb4 31. Qf5 Nf8 32. Rab1 Bg6 33. Qxd5 Bxc2 34.
a3 Qb3 35. Rbc1 Bd3 36. Rc3 Qxb2 37. Rfc1 Qe2 38. Kg1 Ng6 39. h5 Ne7 40. Qb5
Nf5 41. Bf4 Nh4 42. Bg3 Qg4 43. Kh2 Nf5 44. Bf4 Qxh5+ 45. Kg1 Qg6 46. Qc6 Be4
0-1

[Event "DEM U12/U12w 2010"]
[Site "Oberhof GER"]
[Date "2010.05.24"]
[Round "3"]
[White "Scheinhütte, Jakob"]
[Black "Trotzke, Johannes"]
[Result "1-0"]
[Termination "normal"]
[Board "30"]
[WhiteElo "1582"]
[BlackElo "1357"]
[PlyCount "79"]
[WhiteFideId "24693944"]
[BlackFideId "12918105"]
[EventCountry "GER"]
[EventRounds "11"]
[EventType "swiss"]
[EventDate "2010.05.22"]

1. e4 e6 2. d3 d5 3. Nd2 c5 4. Ngf3 Nf6 5. Qe2 Be7 6. g3 Bd7 7. Bg2 dxe4 8.
dxe4 a6 9. a4 O-O 10. O-O Qe8 11. b3 Nc6 12. Nc4 Qd8 13. Rd1 Qc7 14. Bf4 Qd8
15. a5 Ra7 16. Nb6 Nb4 17. c4 Qe8 18. e5 Bc6 19. exf6 Bxf6 20. Be5 Bxf3 21.
Bxf3 Bxe5 22. Qxe5 f6 23. Qxc5 Nc6 24. Nd7 Rf7 25. Bxc6 b6 26. Qxb6 Raxd7 27.
Bxd7 Rxd7 28. Rxd7 Qxd7 29. Qxa6 Qd4 30. Qxe6+ Kf8 31. Re1 g5 32. Qe7+ Kg8 33.
a6 Qc3 34. a7 Qa5 35. b4 Qa2 36. Qe8+ Kg7 37. a8=Q Qxc4 38. Qae4 Qb3 39. Q4e7+
Kh6 40. Qxf6# 1-0

[Event "DEM U12/U12w 2010"]
[Site "Oberhof GER"]
[Date "2010.05.24"]
[Round "3"]
[White "Bykov, Ilya"]
[Black "Pfreundt, Jakob"]
[Result "1-0"]
[Termination "normal"]
[Board "31"]
[WhiteElo "1477"]
[BlackElo "1297"]
[PlyCount "105"]
[WhiteFideId "12918059"]
[BlackFideId "12918156"]
[EventCountry "GER"]
[EventRounds "11"]
[EventType "swiss"]
[EventDate "2010.05.22"]

1. e4 e5 2. Nf3 Nf6 3. Nc3 Bb4 4. Bc4 d6 5. d3 O-O 6. h3 c6 7. Bg5 Nbd7 8. O-O
h6 9. Bh4 Qc7 10. Ne2 d5 11. exd5 cxd5 12. Bb3 Bc5 13. Bg3 Bd6 14. Re1 Re8 15.
Nc3 Qc6 16. Ba4 Qc5 17. Bh4 g5 18. Bg3 a6 19. Bb3 d4 20. Ne4 Nxe4 21. dxe4 Nf6
22. Rc1 Qa7 23. c3 Bb8 24. cxd4 exd4 25. Bxb8 Rxb8 26. e5 Nh7 27. Qxd4 Qxd4 28.
Nxd4 Nf8 29. Rc7 Be6 30. Bc2 Red8 31. Nf3 Rdc8 32. Rxc8 Rxc8 33. Be4 Rc7 34. a3
Nd7 35. Rd1 Kg7 36. b4 b6 37. h4 g4 38. Nd4 Nxe5 39. Nxe6+ fxe6 40. Rd6 Kf7 41.
Rxb6 a5 42. b5 Nc4 43. Ra6 Rc5 44. a4 Rc8 45. Kh2 Rf8 46. Bd3 Nb2 47. Bc2 Nc4
48. Bb3 Nb6 49. Rxa5 Nc8 50. Ra6 Nb6 51. Ra7+ Kf6 52. Rh7 Kg6 53. Re7 1-0

[Event "DEM U12/U12w 2010"]
[Site "Oberhof GER"]
[Date "2010.05.24"]
[Round "3"]
[White "Kluge, Leyla"]
[Black "Reimers, Juri"]
[Result "0-1"]
[Termination "normal"]
[Board "32"]
[WhiteElo "1199"]
[BlackElo "1688"]
[PlyCount "94"]
[WhiteFideId "12918172"]
[BlackFideId "24661511"]
[EventCountry "GER"]
[EventRounds "11"]
[EventType "swiss"]
[EventDate "2010.05.22"]

1. c4 Nf6 2. Nc3 e6 3. g3 d5 4. cxd5 exd5 5. Bg2 c6 6. d3 Bf5 7. d4 Bd6 8. Nf3
Nbd7 9. O-O O-O 10. Bd2 h6 11. Nh4 Bh7 12. Qc1 Re8 13. Re1 Nf8 14. a3 Ne6 15.
Nf3 Qc7 16. Ra2 a5 17. b3 Ne4 18. Be3 Qe7 19. Nd2 Nxc3 20. Qxc3 Bxa3 21. Qa1
Bb4 22. Rd1 Nc7 23. Nf3 Nb5 24. Bd2 f6 25. Bf1 Be4 26. Bg2 Bxd2 27. Rdxd2 Qb4
28. Ra4 Qxb3 29. Qa2 Qxa2 30. Raxa2 a4 31. Ra1 a3 32. Rda2 Ra4 33. e3 Rea8 34.
Nd2 Nc3 35. Bxe4 Nxa2 36. Bc2 Nb4 37. Bxa4 Rxa4 38. Rf1 a2 39. Nb3 Nc2 40. Na1
Nxa1 41. Rxa1 b5 42. Kf1 b4 43. Ke2 b3 44. Kd3 b2 45. Rxa2 b1=Q+ 46. Rc2 Qd1+
47. Rd2 Ra3# 0-1

[Event "DEM U12/U12w 2010"]
[Site "Oberhof GER"]
[Date "2010.05.24"]
[Round "3"]
[White "Zahn, Alina"]
[Black "Buchberger, Tamara"]
[Result "1-0"]
[Termination "normal"]
[Board "33"]
[WhiteElo "1550"]
[BlackElo "1088"]
[PlyCount "53"]
[WhiteFideId "24696730"]
[EventCountry "GER"]
[EventRounds "11"]
[EventType "swiss"]
[EventDate "2010.05.22"]

1. e4 e5 2. Bc4 Nf6 3. d3 Nc6 4. Nf3 Bc5 5. c3 d6 6. Bb3 Bg4 7. h3 Bh5 8. Nbd2
h6 9. Nf1 O-O 10. g4 Bg6 11. g5 hxg5 12. Bxg5 Qe7 13. Qe2 Nd8 14. Nh4 Bh7 15.
Rg1 Ne6 16. Bh6 Bg6 17. Bxg7 Kxg7 18. Nf5+ Kh7 19. Nxe7 Bh5 20. Qd2 Nf4 21. Rg3
c6 22. Nf5 Rg8 23. Bc2 Rxg3 24. fxg3 Be2 25. gxf4 Bxf1 26. fxe5 Kg8 27. Qh6 1-0

[Event "DEM U12/U12w 2010"]
[Site "Oberhof GER"]
[Date "2010.05.24"]
[Round "3"]
[White "Berkov, Mikhail"]
[Black "Wanner, Lukas"]
[Result "1-0"]
[Termination "normal"]
[Board "34"]
[WhiteElo "1840"]
[BlackElo "1309"]
[PlyCount "91"]
[WhiteFideId "24678783"]
[BlackFideId "12918148"]
[EventCountry "GER"]
[EventRounds "11"]
[EventType "swiss"]
[EventDate "2010.05.22"]

1. Nc3 d5 2. e4 dxe4 3. Nxe4 Bf5 4. Ng3 Bg6 5. Nf3 Nf6 6. d4 e6 7. Ne5 a6 8.
Nxg6 hxg6 9. c3 c5 10. Be3 cxd4 11. Bxd4 Nc6 12. Be3 Nd5 13. Qf3 Nxe3 14. Qxe3
Qc7 15. Bc4 Rd8 16. h3 Ne5 17. Be2 Bc5 18. Qe4 Nc6 19. Qc2 Bd6 20. Ne4 Be7 21.
O-O Ne5 22. Rad1 g5 23. Rxd8+ Bxd8 24. Rd1 Be7 25. Qd2 f6 26. Nd6+ Bxd6 27.
Qxd6 Qxd6 28. Rxd6 Ke7 29. Rb6 Rb8 30. Bxa6 Nd7 31. Rxb7 Rxb7 32. Bxb7 Nc5 33.
Bc6 Kd6 34. Bb5 Kd5 35. f3 Nb7 36. b4 Nd6 37. a4 e5 38. Kf2 e4 39. c4+ Nxc4 40.
Bxc4+ Kxc4 41. b5 Kc5 42. fxe4 g6 43. Kf3 f5 44. e5 Kd5 45. b6 Kc6 46. e6 1-0

[Event "DEM U12/U12w 2010"]
[Site "Oberhof GER"]
[Date "2010.05.24"]
[Round "3"]
[White "Böhm, Jana"]
[Black "Gheng, Christian"]
[Result "1-0"]
[Termination "normal"]
[Board "35"]
[WhiteElo "1298"]
[BlackElo "1574"]
[PlyCount "120"]
[WhiteFideId "24661589"]
[BlackFideId "24660345"]
[EventCountry "GER"]
[EventRounds "11"]
[EventType "swiss"]
[EventDate "2010.05.22"]

1. e4 c5 2. Nf3 d6 3. d4 cxd4 4. Nxd4 Nf6 5. Nc3 g6 6. f4 Nc6 7. Nf3 Bg7 8. Bd3
O-O 9. O-O a6 10. Qe1 b5 11. Bd2 Bb7 12. Qe2 Nd7 13. Rae1 Nc5 14. Qf2 Qb6 15.
Nd5 Qd8 16. b4 Na4 17. c4 Nb2 18. Qe2 Nxd3 19. Qxd3 bxc4 20. Qxc4 e6 21. Ne3
Rc8 22. Qd3 Ne7 23. Rc1 Qd7 24. e5 d5 25. Nc4 Qb5 26. Nb2 Qxd3 27. Nxd3 Nf5 28.
Nc5 Bc6 29. Nxa6 Bb5 30. Nc5 Bxf1 31. Kxf1 Rb8 32. Nd7 Ra8 33. Nxf8 Bxf8 34.
Rc2 Rb8 35. a3 Ra8 36. Ra2 Ra4 37. Ke2 Ne7 38. Nd4 Nc8 39. Kd3 Nb6 40. Nc6 Nc4
41. Bc1 Kg7 42. Kc3 f6 43. Kb3 Ra6 44. b5 Rb6 45. a4 fxe5 46. fxe5 Bc5 47. Re2
Kf7 48. Re1 Kg7 49. Rf1 h5 50. Rf3 Rb7 51. Bg5 Rb6 52. Rf6 Na5+ 53. Nxa5 Be7
54. Be3 Bxf6 55. exf6+ Kxf6 56. Bxb6 e5 57. Bf2 e4 58. b6 Ke5 59. b7 d4 60.
Nc6+ Kd5 1-0

[Event "DEM U12/U12w 2010"]
[Site "Oberhof GER"]
[Date "2010.05.24"]
[Round "3"]
[White "Gaßmann, Linda"]
[Black "Bardosch, Karl"]
[Result "0-1"]
[Termination "normal"]
[Board "36"]
[WhiteElo "1862"]
[BlackElo "1450"]
[PlyCount "118"]
[WhiteFideId "12900451"]
[BlackFideId "24696480"]
[EventCountry "GER"]
[EventRounds "11"]
[EventType "swiss"]
[EventDate "2010.05.22"]

1. e4 c5 2. Nf3 d6 3. h3 Nc6 4. d4 cxd4 5. Nxd4 Bd7 6. Nc3 Nf6 7. Bc4 a6 8. a4
e6 9. Be3 Be7 10. O-O O-O 11. Qd2 Rc8 12. Be2 Nxd4 13. Qxd4 Bc6 14. Rfc1 Nd7
15. Qd2 Bf6 16. Bd4 Qe7 17. Bxf6 Nxf6 18. Bd3 Rfd8 19. Qg5 h6 20. Qh4 Nd5 21.
Qxe7 Nxe7 22. b4 d5 23. exd5 Nxd5 24. Nxd5 Bxd5 25. b5 Bc4 26. Bxc4 Rxc4 27.
bxa6 bxa6 28. Ra2 Rdd4 29. Rca1 Kf8 30. Kf1 Ke7 31. Ke2 Kd6 32. Ke3 e5 33. f3
Kc6 34. a5 Kb5 35. Rb1+ Rb4 36. Rxb4+ Kxb4 37. Kf2 Kb5 38. Ke2 Ra4 39. Rxa4
Kxa4 40. Kd2 Kxa5 41. Kc3 Kb5 42. Kb3 Kc5 43. Ka4 f5 44. Kb3 e4 45. Kc3 a5 46.
fxe4 fxe4 47. Kb3 e3 48. Kc3 a4 49. Kd3 a3 50. Kxe3 a2 51. Kf4 a1=Q 52. Ke4
Qd4+ 53. Kf3 Kd5 54. c4+ Qxc4 55. Ke3 Qd4+ 56. Ke2 Qc3 57. g4 Ke4 58. g5 Qc2+
59. Kf1 Kf3 0-1

[Event "DEM U12/U12w 2010"]
[Site "Oberhof GER"]
[Date "2010.05.24"]
[Round "3"]
[White "Knorre, Jonas"]
[Black "Weis, Olga"]
[Result "1-0"]
[Termination "normal"]
[Board "37"]
[WhiteElo "1733"]
[BlackElo "1153"]
[PlyCount "55"]
[WhiteFideId "24696900"]
[BlackFideId "1270234"]
[EventCountry "GER"]
[EventRounds "11"]
[EventType "swiss"]
[EventDate "2010.05.22"]

1. d4 c6 2. Nf3 d5 3. e3 Bg4 4. c4 e6 5. Qb3 Qb6 6. Qd1 c5 7. Nc3 cxd4 8. exd4
Bxf3 9. Qxf3 Bb4 10. cxd5 Qxd4 11. dxe6 Bxc3+ 12. bxc3 Qe5+ 13. Be2 Qxe6 14.
Qxb7 Qe5 15. Bd2 Ne7 16. Qxa8 O-O 17. Qxa7 Re8 18. Qe3 Qf5 19. O-O Nbc6 20. Bf3
Qd7 21. Rfe1 Kf8 22. a4 Na5 23. Qd4 Qc7 24. Bf4 Qc8 25. Qb4 Qa6 26. Bd6 Qa7 27.
Bc5 Qc7 28. Bb6 1-0

[Event "DEM U12/U12w 2010"]
[Site "Oberhof GER"]
[Date "2010.05.24"]
[Round "3"]
[White "Blösch, Christoph"]
[Black "Böhme, Mathis"]
[Result "0-1"]
[Termination "normal"]
[Board "38"]
[WhiteElo "1332"]
[BlackElo "1080"]
[PlyCount "122"]
[WhiteFideId "12918121"]
[BlackFideId "12900443"]
[EventCountry "GER"]
[EventRounds "11"]
[EventType "swiss"]
[EventDate "2010.05.22"]

1. e4 d5 2. exd5 Nf6 3. d4 Nxd5 4. c4 Nb6 5. Nc3 e6 6. Be3 Bb4 7. Nge2 Nxc4 8.
Qa4+ Nc6 9. Qb3 N4a5 10. Qc2 e5 11. d5 Qxd5 12. a3 Bxc3+ 13. Nxc3 Qb3 14. Qe2
Bf5 15. Qb5 Qxb5 16. Bxb5 O-O 17. O-O Nd4 18. Ba4 Nc4 19. Ra2 Be6 20. b3 Nxe3
21. fxe3 Nxb3 22. Bxb3 Bxb3 23. Rb2 Bc4 24. Rf5 b6 25. Rb4 Bd3 26. Rxe5 c5 27.
Ra4 Rae8 28. Rxe8 Rxe8 29. Rxa7 h6 30. Kf2 Rb8 31. Kf3 b5 32. Rd7 c4 33. Rd5 b4
34. axb4 Rxb4 35. Rb5 Rb3 36. Rxb3 cxb3 37. Nd1 f5 38. g4 g6 39. Nb2 Be4+ 40.
Kf4 Kf7 41. Ke5 Ke7 42. h4 Bc2 43. g5 h5 44. Kd5 Bb1 45. Kd4 Ke6 46. Nc4 Bc2
47. Nb2 Bb1 48. Kc3 Bc2 49. Kd2 Kd5 50. Ke2 Ke4 51. Na4 f4 52. Nc3+ Kf5 53. Kf3
fxe3 54. Kxe3 b2 55. Kf3 b1=Q 56. Nxb1 Bxb1 57. Kg3 Ke4 58. Kg2 Kf4 59. Kh3
Bf5+ 60. Kh2 Kg4 61. Kg2 Kxh4 0-1

[Event "DEM U12/U12w 2010"]
[Site "Oberhof GER"]
[Date "2010.05.24"]
[Round "3"]
[White "Sherif, Amina"]
[Black "Gerken, Frieso"]
[Result "0-1"]
[Termination "normal"]
[Board "39"]
[WhiteElo "1081"]
[BlackElo "1434"]
[PlyCount "116"]
[WhiteFideId "12911690"]
[BlackFideId "1270505"]
[EventCountry "GER"]
[EventRounds "11"]
[EventType "swiss"]
[EventDate "2010.05.22"]

1. e4 e5 2. Nf3 Nc6 3. Bc4 Bc5 4. Nc3 Nf6 5. O-O O-O 6. d3 Re8 7. Bg5 h6 8. Bh4
d6 9. Nd5 Be6 10. Nxf6+ gxf6 11. Qd2 Kh7 12. Rab1 Rg8 13. Bg3 Qd7 14. Rfe1 Bg4
15. Qe2 Rg7 16. c3 Rag8 17. b4 Bb6 18. a4 a6 19. a5 Ba7 20. b5 Nxa5 21. bxa6
Nxc4 22. dxc4 bxa6 23. Ra1 Qc8 24. Qa2 h5 25. Qxa6 Qxa6 26. Rxa6 Bb6 27. Raa1
Bxf3 28. gxf3 h4 29. Kf1 hxg3 30. hxg3 Rg5 31. Ke2 f5 32. Rh1+ Kg6 33. f4 exf4
34. gxf4 Rg2 35. Rhg1 Kf6 36. Rgf1 fxe4 37. Ke1 Rg1 38. Ke2 Rxf1 39. Rxf1 Kf5
40. Rh1 Rg2 41. Rh5+ Kxf4 42. Rh4+ Rg4 43. Rh7 f5 44. Rh2 e3 45. fxe3+ Bxe3 46.
Rh3 Bb6 47. Rf3+ Ke4 48. Rd3 Rg2+ 49. Kf1 Kxd3 50. Kxg2 f4 51. Kf3 Be3 52. Kg4
Kxc4 53. Kf3 Kxc3 54. Ke4 d5+ 55. Kf3 d4 56. Ke2 d3+ 57. Kd1 f3 58. Ke1 f2+ 0-1

[Event "DEM U12/U12w 2010"]
[Site "Oberhof GER"]
[Date "2010.05.24"]
[Round "3"]
[White "Reksten, Anne"]
[Black "Azizowa, Laura"]
[Result "1-0"]
[Termination "normal"]
[Board "40"]
[WhiteElo "1383"]
[BlackElo "1078"]
[PlyCount "75"]
[WhiteFideId "24692778"]
[EventCountry "GER"]
[EventRounds "11"]
[EventType "swiss"]
[EventDate "2010.05.22"]

1. c4 e6 2. g3 d5 3. Bg2 Nf6 4. Nf3 Be7 5. O-O O-O 6. cxd5 exd5 7. d3 Bf5 8. a3
Nc6 9. b4 a6 10. Bb2 Re8 11. Nbd2 Qd7 12. Re1 Bh3 13. Rc1 Bxg2 14. Kxg2 Rad8
15. Nb3 b6 16. Qc2 Nb8 17. Qxc7 Qxc7 18. Rxc7 b5 19. e3 Rc8 20. Rec1 Rxc7 21.
Rxc7 Ng4 22. h3 Bf6 23. Bxf6 Nxf6 24. Nfd4 h6 25. Nc6 Nbd7 26. Ra7 Ne5 27. Nxe5
Rxe5 28. Rxa6 h5 29. Rb6 Nd7 30. Rxb5 Rg5 31. a4 h4 32. g4 Nb6 33. Rxb6 f5 34.
f4 Rxg4+ 35. hxg4 fxg4 36. a5 Kh7 37. a6 h3+ 38. Kg3 1-0

[Event "DEM U12/U12w 2010"]
[Site "Oberhof GER"]
[Date "2010.05.24"]
[Round "3"]
[White "Mierzwa, Robert"]
[Black "Schmid, Katharina"]
[Result "1-0"]
[Termination "normal"]
[Board "41"]
[WhiteElo "1345"]
[BlackElo "1056"]
[PlyCount "43"]
[WhiteFideId "12918113"]
[BlackFideId "12918210"]
[EventCountry "GER"]
[EventRounds "11"]
[EventType "swiss"]
[EventDate "2010.05.22"]

1. Nf3 d5 2. d4 Nc6 3. g3 Nf6 4. Bg2 Bf5 5. c4 e6 6. O-O Be7 7. b3 O-O 8. Bb2
b6 9. Nc3 Na5 10. e3 c5 11. Ne5 a6 12. dxc5 bxc5 13. cxd5 Qd6 14. dxe6 Qxe5 15.
exf7+ Rxf7 16. Bxa8 c4 17. Na4 Qb5 18. Bxf6 Bxf6 19. Bd5 Bxa1 20. Bxf7+ Kxf7
21. Qxa1 Bd3 22. Rd1 1-0

[Event "DEM U12/U12w 2010"]
[Site "Oberhof GER"]
[Date "2010.05.24"]
[Round "3"]
[White "Lemke, Berfîn"]
[Black "Sadjjadi, Anahita"]
[Result "1-0"]
[Termination "normal"]
[Board "43"]
[WhiteElo "1318"]
[BlackElo "1016"]
[PlyCount "45"]
[WhiteFideId "1270578"]
[EventCountry "GER"]
[EventRounds "11"]
[EventType "swiss"]
[EventDate "2010.05.22"]

1. e4 d5 2. exd5 Qxd5 3. Nc3 Qa5 4. d4 c6 5. Bc4 Qd8 6. Bf4 Nd7 7. Qd3 e6 8.
O-O-O Ngf6 9. Nf3 Ng4 10. Qe2 Bb4 11. Bxe6 Ndf6 12. Bxg4+ Qe7 13. Qxe7+ Bxe7
14. Bxc8 Rxc8 15. Rhe1 Rd8 16. Bg5 Kf8 17. Re2 h6 18. Bxf6 Bxf6 19. Rde1 g5 20.
Rd1 g4 21. Ne5 Bg5+ 22. Kb1 f5 23. Ng6+ 1-0

[Event "DEM U12/U12w 2010"]
[Site "Oberhof GER"]
[Date "2010.05.24"]
[Round "3"]
[White "Lamottke, Svenja"]
[Black "Niggl, Michael"]
[Result "0-1"]
[Termination "normal"]
[Board "44"]
[WhiteElo "963"]
[BlackElo "1275"]
[PlyCount "66"]
[WhiteFideId "12918229"]
[BlackFideId "12918164"]
[EventCountry "GER"]
[EventRounds "11"]
[EventType "swiss"]
[EventDate "2010.05.22"]

1. e4 c5 2. Nf3 Nc6 3. d4 cxd4 4. Nxd4 d6 5. Bb5 Bd7 6. Nc3 g6 7. Be3 Bg7 8.
O-O Nf6 9. Qd2 O-O 10. Rad1 Ng4 11. h3 Nxe3 12. fxe3 Qb6 13. Qd3 Ne5 14. Qe2 a6
15. Bxd7 Nxd7 16. Nd5 Qd8 17. Nf3 Rc8 18. Qf2 Nf6 19. Nxf6+ Bxf6 20. e5 Bg7 21.
Qh4 Rxc2 22. Rd2 Rxd2 23. Nxd2 Bxe5 24. Ne4 Qb6 25. Ng5 Qxe3+ 26. Kh1 h5 27. g4
Bg3 28. Qxg3 Qxg3 29. Rf3 Qe1+ 30. Kg2 Rc8 31. Rf1 Rc2+ 32. Kg1 Qg3+ 33. Kh1
Rh2# 0-1

[Event "DEM U12/U12w 2010"]
[Site "Oberhof GER"]
[Date "2010.05.24"]
[Round "3"]
[White "Schumann, Rabea"]
[Black "Schramm, Anna-Lena"]
[Result "1-0"]
[Termination "normal"]
[Board "45"]
[WhiteElo "1140"]
[BlackElo "945"]
[PlyCount "93"]
[WhiteFideId "12918199"]
[BlackFideId "12918237"]
[EventCountry "GER"]
[EventRounds "11"]
[EventType "swiss"]
[EventDate "2010.05.22"]

1. e4 e5 2. Nf3 Nc6 3. Bc4 Bc5 4. c3 Nf6 5. d4 exd4 6. cxd4 Bb4+ 7. Bd2 Bxd2+
8. Nbxd2 d6 9. O-O Bg4 10. Qc2 O-O 11. Rfe1 Nd7 12. Re3 Nb6 13. Bb3 d5 14. Rae1
dxe4 15. Qxe4 Qd7 16. d5 Bf5 17. dxc6 Bxe4 18. cxd7 Bxf3 19. Nxf3 Nxd7 20. Re7
Rad8 21. Ne5 Nxe5 22. R1xe5 g6 23. g3 Rd2 24. Rxc7 Rxb2 25. Rxb7 Ra8 26. Bxf7+
Kg7 27. Rxb2 Kxf7 28. f4 Rd8 29. Rb7+ Kf6 30. Rxa7 Rd1+ 31. Kf2 Rd2+ 32. Re2
Rd5 33. Rxh7 Kf5 34. Re5+ Rxe5 35. fxe5 Kxe5 36. Ke3 Kf5 37. a4 Ke6 38. a5 Kd6
39. a6 Ke5 40. a7 Kf5 41. a8=Q Ke5 42. Qe4+ Kd6 43. Qxg6+ Kc5 44. Qd3 Kb4 45.
Rc7 Ka4 46. Rb7 Ka5 47. Qb5# 1-0

[Event "DEM U12/U12w 2010"]
[Site "Oberhof GER"]
[Date "2010.05.24"]
[Round "3"]
[White "Silber, Stefanie"]
[Black "Kast, Larissa"]
[Result "0-1"]
[Termination "normal"]
[Board "46"]
[WhiteElo "847"]
[BlackElo "1136"]
[PlyCount "86"]
[WhiteFideId "12918245"]
[BlackFideId "24699055"]
[EventCountry "GER"]
[EventRounds "11"]
[EventType "swiss"]
[EventDate "2010.05.22"]

1. e4 e5 2. Nf3 Nc6 3. d4 exd4 4. Nxd4 Nxd4 5. Qxd4 Qf6 6. e5 Qb6 7. Qf4 d6 8.
Bc4 Qa5+ 9. Bd2 Qxe5+ 10. Qxe5+ dxe5 11. O-O Bf5 12. c3 f6 13. Bd5 O-O-O 14.
Bxg8 Rxg8 15. Rd1 g6 16. c4 Bh6 17. g3 Bg4 18. Re1 Bxd2 19. Nxd2 Rxd2 20. Kg2
Rxb2 21. h3 Bf5 22. g4 Bd7 23. Kg3 Bc6 24. h4 Rd8 25. Re3 Rdd2 26. Rf1 Rxa2 27.
g5 fxg5 28. hxg5 e4 29. c5 Rd3 30. Rxd3 exd3 31. Rd1 d2 32. Rg1 Ba4 33. f3 d1=Q
34. Rxd1 Bxd1 35. c6 bxc6 36. Kg4 a5 37. Kf4 Re2 38. Kg3 a4 39. Kg4 a3 40. f4
a2 41. f5 a1=Q 42. fxg6 Re4+ 43. Kf5 Qe5# 0-1

[Event "DEM U12/U12w 2010"]
[Site "Oberhof GER"]
[Date "2010.05.24"]
[Round "3"]
[White "Alsheimer, Lea"]
[Black "Niemeyer, Maximilian"]
[Result "0-1"]
[Termination "normal"]
[Board "47"]
[WhiteElo "1127"]
[BlackElo "793"]
[PlyCount "52"]
[WhiteFideId "12918180"]
[EventCountry "GER"]
[EventRounds "11"]
[EventType "swiss"]
[EventDate "2010.05.22"]

1. f4 d5 2. b3 Nf6 3. Bb2 c5 4. e3 Nc6 5. Nf3 e6 6. Bb5 Bd6 7. d3 O-O 8. Bxc6
bxc6 9. Nbd2 Ba6 10. Ne5 Qc7 11. Qf3 Bxe5 12. Bxe5 Qe7 13. c4 Rad8 14. d4 Nd7
15. h4 Nxe5 16. dxe5 f6 17. exf6 Qxf6 18. Rc1 e5 19. fxe5 Qxe5 20. Qh3 Bc8 21.
Qh2 Qxe3+ 22. Kd1 Rf2 23. Rc2 Bf5 24. Rb2 Qc3 25. Qg1 Bg4+ 26. Ke1 Qe3# 0-1